Statystyki dla Ssaki Polski

Kliknij tutaj aby rozwiązać quiz!

Ogólne statystyki

  • Ten quiz został rozwiązany 831 razy
  • Średni wynik to 21 z 68

Statystyki odpowiedzi

Odpowiedź% Poprawnych
Lis
91%
Jeleń
87%
Wilk (szakal)
87%
Sarna
85%
Żubr
80%
Dzik
79%
Łoś
76%
Ryś
76%
Niedźwiedź
75%
Mysz
67%
Bóbr
66%
Szczur
63%
Zając
58%
Kuna
57%
Wiewiórka
56%
Borsuk
53%
Daniel
51%
Łasica (gronostaj, tchórz)
49%
Foka
48%
Jeż
48%
Królik
48%
Kret
45%
Żbik
43%
Wydra
43%
Kozica
38%
Delfin
38%
Chomik
33%
Ryjówka
33%
Nornica
30%
Jenot
30%
Świstak
29%
Szop
27%
Morświn
26%
Wizon
22%
Gacek
21%
Muflon
20%
Suseł
18%
Nutria
17%
Piżmak
16%
Płetwal
12%
Nocek
11%
Popielica
10%
Badylarka
9%
Nornik
9%
Koszatka
8%
Żołędnica
7%
Orzesznica
7%
Rzęsorek
7%
Mroczek
6%
Smużka
6%
Myszarka
6%
Karlik
6%
Mopek
6%
Butlonos
5%
Białucha
5%
Karczownik
5%
Borowiec
5%
Podkowiec
4%
Nerpa
4%
Zębiełek
3%
Przymroczek
3%
Szarytka
3%
Długopłetwiec
3%
Delfinowiec
3%
Mroczak
3%
Śnieżnik
2%
Dziobowal
2%
Butlogłów
1%

Rozkład punktacji

Percentyl według liczby udzielonych odpowiedzi

Procent ludzi z każdym wynikiem

Twoja historia wyników

Nie rozwiązałeś tego quizu